000 01135nam a2200217 4500
003 CO-ViMGA
020 _a9789583047633
040 _aCO-ViMGA
_bspa
_cCO-ViMGA
082 0 4 _aI741.5
_bD748a
100 1 _aDowner, Denise
_9597
245 1 0 _aAmigos de ultratumba :
_balmas gemelas /
_cescrito por Denise Downer ; ilustrado por Otis Frampton ; traducción del inglés Jorge E. Salgar Restrepo
260 _aBogota :
_bPanamericana editorial,
_c2015
300 _a45 p. ;
_bdibujos ; color
500 _aIncluye datos biográficos de los autores
504 _aIncluye glosario
520 _aAlmuerto no encaja en la Escuela Ultratumba. Murió al descargar el inodoro, y ahora es el objeto de todas las burlas. Pero un día una nueva estudiante llega: Esqueletina. ¿Pueden creerlo? Es el alma gemela de Almuerto, ¡pues murió de la misma forma! Pronto se convertirán en amigos y descubrirán que realmente son gemelos de ultratumba... tomado de la contracubierta del libro
650 1 4 _aNovela gráfica
_9556
650 1 4 _aTiras cómicas, historietas, etc.
_9557
700 1 _aSalgar Restrepo, Jorge Eduardo
_9231
942 _2ddc
_cBK
999 _c37259
_d37259